<?xml version="1.0" encoding="UTF-8"?>
<collection xmlns="http://www.loc.gov/MARC21/slim">
 <record>
  <leader>01586nam a2200361 a 4500</leader>
  <controlfield tag="001">14546684</controlfield>
  <controlfield tag="008">111011s2006    nyuk     b    000 0 eng  </controlfield>
  <datafield tag="010" ind1=" " ind2=" ">
   <subfield code="a">  2006298357</subfield>
  </datafield>
  <datafield tag="040" ind1=" " ind2=" ">
   <subfield code="a">WRF</subfield>
   <subfield code="c">WRF</subfield>
   <subfield code="d">BAKER</subfield>
   <subfield code="d">UKM</subfield>
   <subfield code="d">IXA</subfield>
   <subfield code="d">DLC</subfield>
   <subfield code="d">BD-DhAAL</subfield>
  </datafield>
  <datafield tag="015" ind1=" " ind2=" ">
   <subfield code="a">GBA640050</subfield>
   <subfield code="2">bnb</subfield>
  </datafield>
  <datafield tag="016" ind1="7" ind2=" ">
   <subfield code="a">013410276</subfield>
   <subfield code="2">Uk</subfield>
  </datafield>
  <datafield tag="020" ind1=" " ind2=" ">
   <subfield code="a">0807746401 (pbk.)</subfield>
  </datafield>
  <datafield tag="024" ind1="3" ind2=" ">
   <subfield code="a">9780807746400</subfield>
  </datafield>
  <datafield tag="042" ind1=" " ind2=" ">
   <subfield code="a">lccopycat</subfield>
  </datafield>
  <datafield tag="043" ind1=" " ind2=" ">
   <subfield code="a">n-us---</subfield>
  </datafield>
  <datafield tag="082" ind1="0" ind2="4">
   <subfield code="a">372.21</subfield>
   <subfield code="2">22</subfield>
  </datafield>
  <datafield tag="100" ind1="1" ind2=" ">
   <subfield code="a">Harms, Thelma.</subfield>
  </datafield>
  <datafield tag="245" ind1="1" ind2="0">
   <subfield code="a">Infant/toddler environment rating scale /</subfield>
   <subfield code="c">Thelma Harms, Debby Cryer, Richard M. Clifford.</subfield>
  </datafield>
  <datafield tag="250" ind1=" " ind2=" ">
   <subfield code="a">Rev. ed.</subfield>
  </datafield>
  <datafield tag="260" ind1=" " ind2=" ">
   <subfield code="a">New York :</subfield>
   <subfield code="b">Teachers College Press,</subfield>
   <subfield code="c">c2006.</subfield>
  </datafield>
  <datafield tag="300" ind1=" " ind2=" ">
   <subfield code="a">vi, 62 p. :</subfield>
   <subfield code="b">forms ;</subfield>
   <subfield code="c">22 x 28 cm.</subfield>
  </datafield>
  <datafield tag="504" ind1=" " ind2=" ">
   <subfield code="a">Includes bibliographical references (p. 4).</subfield>
  </datafield>
  <datafield tag="541" ind1=" " ind2=" ">
   <subfield code="e">00023641</subfield>
  </datafield>
  <datafield tag="650" ind1=" " ind2="0">
   <subfield code="a">Day care centers</subfield>
   <subfield code="z">United States</subfield>
   <subfield code="x">Evaluation.</subfield>
  </datafield>
  <datafield tag="650" ind1=" " ind2="0">
   <subfield code="a">Child care services</subfield>
   <subfield code="z">United States</subfield>
   <subfield code="x">Evaluation.</subfield>
  </datafield>
  <datafield tag="650" ind1=" " ind2="0">
   <subfield code="a">Child care workers</subfield>
   <subfield code="x">Rating of</subfield>
   <subfield code="z">United States.</subfield>
  </datafield>
  <datafield tag="700" ind1="1" ind2=" ">
   <subfield code="a">Cryer, Debby.</subfield>
  </datafield>
  <datafield tag="700" ind1="1" ind2=" ">
   <subfield code="a">Clifford, Richard M.</subfield>
  </datafield>
  <datafield tag="852" ind1="1" ind2=" ">
   <subfield code="a">Ayesha Abed Library</subfield>
   <subfield code="c">General shelf. </subfield>
  </datafield>
  <datafield tag="999" ind1=" " ind2=" ">
   <subfield code="c">11313</subfield>
   <subfield code="d">11313</subfield>
  </datafield>
  <datafield tag="952" ind1=" " ind2=" ">
   <subfield code="0">0</subfield>
   <subfield code="1">0</subfield>
   <subfield code="2">ddc</subfield>
   <subfield code="4">0</subfield>
   <subfield code="6">372_210000000000000_HAR</subfield>
   <subfield code="7">0</subfield>
   <subfield code="9">18379</subfield>
   <subfield code="a">BRACUL</subfield>
   <subfield code="b">BRACUL</subfield>
   <subfield code="c">GEN</subfield>
   <subfield code="d">2011-10-11</subfield>
   <subfield code="e">IED, BU</subfield>
   <subfield code="l">0</subfield>
   <subfield code="o">372.21 HAR</subfield>
   <subfield code="p">3010023641</subfield>
   <subfield code="r">2011-10-11</subfield>
   <subfield code="t">1</subfield>
   <subfield code="w">2011-10-11</subfield>
   <subfield code="y">BK</subfield>
  </datafield>
  <datafield tag="952" ind1=" " ind2=" ">
   <subfield code="0">0</subfield>
   <subfield code="1">0</subfield>
   <subfield code="2">ddc</subfield>
   <subfield code="4">0</subfield>
   <subfield code="6">372_210000000000000_HAR</subfield>
   <subfield code="7">0</subfield>
   <subfield code="9">18380</subfield>
   <subfield code="a">BRACUL</subfield>
   <subfield code="b">BRACUL</subfield>
   <subfield code="c">GEN</subfield>
   <subfield code="d">2011-10-11</subfield>
   <subfield code="e">IED, BU</subfield>
   <subfield code="l">1</subfield>
   <subfield code="o">372.21 HAR</subfield>
   <subfield code="p">3010023642</subfield>
   <subfield code="r">2025-11-11</subfield>
   <subfield code="s">2025-11-04</subfield>
   <subfield code="t">2</subfield>
   <subfield code="w">2011-10-11</subfield>
   <subfield code="y">BK</subfield>
  </datafield>
  <datafield tag="952" ind1=" " ind2=" ">
   <subfield code="0">0</subfield>
   <subfield code="1">0</subfield>
   <subfield code="2">ddc</subfield>
   <subfield code="4">0</subfield>
   <subfield code="6">372_210000000000000_HAR</subfield>
   <subfield code="7">0</subfield>
   <subfield code="9">18381</subfield>
   <subfield code="a">BRACUL</subfield>
   <subfield code="b">BRACUL</subfield>
   <subfield code="c">GEN</subfield>
   <subfield code="d">2011-10-11</subfield>
   <subfield code="e">IED, BU</subfield>
   <subfield code="l">0</subfield>
   <subfield code="o">372.21 HAR</subfield>
   <subfield code="p">3010023643</subfield>
   <subfield code="r">2011-10-11</subfield>
   <subfield code="t">3</subfield>
   <subfield code="w">2011-10-11</subfield>
   <subfield code="y">BK</subfield>
  </datafield>
 </record>
</collection>
